Statistiques concernant Devine le rappeur grâce à sa ville ~ Niveau COMPLIQUÉ

Cliquez ici pour prendre le quiz!

Statistiques générales

  • Ce quiz a été pris 25 fois
    (8 depuis la dernière actualisation)
  • Le résultat moyen est 4 sur 14

Statistiques - réponses

VilleRappeur% Correct
DunkerqueGemroz
50%
Dunkerque/Lille/Toulouse (?)H JeuneCrack
50%
PérigueuxJoysad
50%
Avignon/Niort (?)Luther
33%
RouenYounès
33%
Biarritz [/Bordeaux]Baby Neelou
17%
Chateau-Thierry (02)Gen
17%
Saint-Vincent-de-Reins (69)Léo SVR
17%
VesoulPierre-Hugues José
17%
Lavelanet (09) [/Toulouse]Realo
17%
Limoges [/Toulouse]Selug
17%
Sens (89) /Reims [/Évry]Theodort
17%
Saint-Laurent-Nouan (41)Wallace Cleaver
17%
Lure (70)Zola
17%

Distribution des résultats

Percentile par nombre de réponses

% des personnes avec chaque résultat

Votre développement - résultats

Vous n’avez pas pris ce quiz depuis la dernière actualisation